000
00338pab a2200145 454500
008
180718b1985 xxu||||| |||| 00| 0 eng d
100
_a
Srinivasan, G.
245
_a
Yes, this abolition was overdue
260
_c
1985
300
_a
8-9.13
362
_a
1 Sept.
650
_a
Federal - State relations
773
_a
Yojana
909
_a
8360
999
_c
8360
_d
8360